[Event "2. Torneio Aberto do Brasil - Fortaleza"]
[Site "Fortaleza BRA"]
[Date "2012.04.08"]
[Round "6.58"]
[White "Lima Filho, Jose Pacifico"]
[Black "Silva, Agamenon Viana Da"]
[Result "1-0"]
[WhiteElo "1891"]
[BlackElo "1693"]
[PlyCount "59"]
[EventDate "2012.04.05"]
[EventType "swiss"]
[EventRounds "7"]
[EventCountry "BRA"]
[Source "lmi"]
[SourceDate "2012.08.05"]

1. c4 Nf6 2. Nc3 e6 3. Nf3 Bb4 4. Qc2 Nc6 5. e4 b6 6. d4 d5 7. cxd5 exd5 8. Bd3
Be6 9. O-O Ne7 10. Qa4+ c6 11. Qxb4 O-O 12. Bg5 Re8 13. e5 Nd7 14. Bxe7 Qxe7
15. Qxe7 Rxe7 16. Ng5 g6 17. f4 Bf5 18. Bxf5 gxf5 19. Nd1 c5 20. Ne3 Rc8 21.
Nxf5 Ree8 22. Nd6 cxd4 23. Nxe8 Rxe8 24. Rac1 Nc5 25. Rfd1 Ne6 26. Nxe6 fxe6
27. Rxd4 Re7 28. Kf2 Kf7 29. Kf3 Rd7 30. g4 1-0

[Event "2. Torneio Aberto do Brasil - Fortaleza"]
[Site "Fortaleza BRA"]
[Date "2012.04.08"]
[Round "6.61"]
[White "Marino, Felipe Gabriel"]
[Black "Assuncao, Jose Ribamar Da Cos"]
[Result "1-0"]
[WhiteElo "1616"]
[BlackElo "1675"]
[PlyCount "67"]
[EventDate "2012.04.05"]
[EventType "swiss"]
[EventRounds "7"]
[EventCountry "BRA"]
[Source "lmi"]
[SourceDate "2012.08.05"]

1. e4 c5 2. Nf3 d6 3. d4 cxd4 4. Nxd4 Nf6 5. Bb5+ Bd7 6. Bxd7+ Nbxd7 7. Nc3 g6
8. O-O Bg7 9. Be3 a6 10. Nb3 O-O 11. f4 Rc8 12. Bd4 e5 13. fxe5 dxe5 14. Be3
Qc7 15. Kh1 Rfe8 16. Qf3 Rf8 17. a4 Nb6 18. Bc5 Rfe8 19. Bxb6 Qxb6 20. Rac1 Qc7
21. g4 Qe7 22. Rf2 Rf8 23. Rd1 Rcd8 24. Rxd8 Rxd8 25. h4 Rd7 26. g5 Nh5 27. Nd5
Rxd5 28. exd5 Nf4 29. Qe3 Nxd5 30. Qe4 Nf4 31. Rxf4 Qd7 32. Rf3 Qc7 33. Rd3
Qxc2 34. Rd8+ 1-0

[Event "2. Torneio Aberto do Brasil - Fortaleza"]
[Site "Fortaleza BRA"]
[Date "2012.04.08"]
[Round "6.62"]
[White "Alves, Sidney David"]
[Black "Laroca, Alvaro Ney"]
[Result "1-0"]
[WhiteElo "1512"]
[BlackElo "1605"]
[PlyCount "81"]
[EventDate "2012.04.05"]
[EventType "swiss"]
[EventRounds "7"]
[EventCountry "BRA"]
[Source "lmi"]
[SourceDate "2012.08.05"]

1. d4 e5 2. dxe5 Nc6 3. Nf3 Qe7 4. Bf4 Qb4+ 5. Bd2 Qxb2 6. Nc3 Nb4 7. Nd4 c5 8.
Rb1 Qa3 9. Ndb5 Qa5 10. e3 a6 11. Nd6+ Bxd6 12. exd6 Qd8 13. a3 Nc6 14. Be2 Nf6
15. O-O O-O 16. h3 Ne8 17. Bc1 b6 18. Bf3 Qf6 19. Nd5 Qxd6 20. Rxb6 Rb8 21.
Rxb8 Qxb8 22. Bd2 Nc7 23. Bc3 d6 24. Nf4 Ne7 25. Qxd6 Nf5 26. Qxc5 Nb5 27. Bb4
Bd7 28. Rd1 Rc8 29. Qd5 Rc7 30. c4 Na7 31. e4 Nh6 32. Bd6 g6 33. Bxc7 Qxc7 34.
Qxd7 Qb6 35. Qe8+ Kg7 36. Rd7 Nc6 37. Ne6+ Kf6 38. Nf4 Qb1+ 39. Kh2 Ne5 40.
Qe7+ Kg7 41. Qxe5+ 1-0

[Event "2. Torneio Aberto do Brasil - Fortaleza"]
[Site "Fortaleza BRA"]
[Date "2012.04.08"]
[Round "6.64"]
[White "Nogueira, Jorge Da Silva"]
[Black "Bezerra, Francisca Rejane De"]
[Result "1-0"]
[WhiteElo "1554"]
[BlackElo "1767"]
[PlyCount "58"]
[EventDate "2012.04.05"]
[EventType "swiss"]
[EventRounds "7"]
[EventCountry "BRA"]
[Source "lmi"]
[SourceDate "2012.08.05"]

1. d4 d5 2. Nf3 c6 3. Nbd2 e6 4. e4 c5 5. c3 Nc6 6. a3 b6 7. Bd3 Bb7 8. O-O Be7
9. e5 f5 10. exf6 Nxf6 11. Qe2 Qd7 12. Rd1 Bc8 13. Ne5 Qd6 14. Nxc6 Qxc6 15.
Bb5 Qxb5 16. Qxb5+ Bd7 17. Qe2 O-O 18. Nf3 cxd4 19. cxd4 Rac8 20. Ne5 Ba4 21.
Qa6 Bb3 22. Qb5 Bc4 23. Nxc4 Rxc4 24. Be3 Ne4 25. Rac1 Bh4 26. g3 Bg5 27. Rxc4
dxc4 28. Bxg5 Rf5 29. Qe8+ Rf8 1-0

[Event "2. Torneio Aberto do Brasil - Fortaleza"]
[Site "Fortaleza BRA"]
[Date "2012.04.08"]
[Round "7.1"]
[White "Vescovi, Giovanni"]
[Black "Lima, Darcy"]
[Result "1/2-1/2"]
[WhiteElo "2604"]
[BlackElo "2509"]
[PlyCount "52"]
[EventDate "2012.04.05"]
[EventType "swiss"]
[EventRounds "7"]
[EventCountry "BRA"]
[Source "lmi"]
[SourceDate "2012.08.05"]

1. d4 d5 2. Nf3 e6 3. c4 dxc4 4. e3 Nf6 5. Bxc4 c5 6. O-O Nc6 7. Nc3 Be7 8. a3
cxd4 9. exd4 O-O 10. Qd3 a6 11. Bg5 b5 12. Ba2 b4 13. Bb1 g6 14. axb4 Nxb4 15.
Qd2 Bb7 16. Ne5 Nd7 17. Bxe7 Qxe7 18. Be4 Nf6 19. Qg5 Bxe4 20. Nxe4 Nbd5 21.
Nc6 Qb7 22. Nxf6+ Nxf6 23. Na5 Qe7 24. Nc6 Qb7 25. Na5 Qe7 26. Nc6 Qb7 1/2-1/2

[Event "2. Torneio Aberto do Brasil - Fortaleza"]
[Site "Fortaleza BRA"]
[Date "2012.04.08"]
[Round "7.2"]
[White "Molina, Roberto Junio Brito"]
[Black "Cubas, Jose Fernando"]
[Result "0-1"]
[WhiteElo "2407"]
[BlackElo "2518"]
[PlyCount "81"]
[EventDate "2012.04.05"]
[EventType "swiss"]
[EventRounds "7"]
[EventCountry "BRA"]
[Source "lmi"]
[SourceDate "2012.08.05"]

1. d4 d5 2. c4 c6 3. Nf3 Nf6 4. e3 a6 5. Nc3 e6 6. b3 Bb4 7. Bd2 Nbd7 8. Be2
O-O 9. O-O Bd6 10. Qc2 e5 11. cxd5 cxd5 12. dxe5 Nxe5 13. Rac1 Be6 14. Nxe5
Bxe5 15. Qd3 Qd7 16. Bf3 Rad8 17. Rfd1 b5 18. Qf1 Qd6 19. g3 Qa3 20. Qd3 d4 21.
exd4 Bxd4 22. Qb1 Bg4 23. Kg2 Bxf3+ 24. Kxf3 Qc5 25. Ne4 Qf5+ 26. Bf4 g5 27.
Nxg5 Qd5+ 28. Ne4 Rfe8 29. Rxd4 Qxd4 30. Nxf6+ Qxf6 31. Rc5 Qd4 32. Rg5+ Kh8
33. Qf5 Qd3+ 34. Qxd3 Rxd3+ 35. Be3 Rc3 36. Rd5 Rc6 37. g4 Kg7 38. Bd4+ Kg6 39.
h4 f6 40. Rd7 h5 41. g5 0-1

[Event "2. Torneio Aberto do Brasil - Fortaleza"]
[Site "Fortaleza BRA"]
[Date "2012.04.08"]
[Round "7.3"]
[White "Mekhitarian, Krikor Sevag"]
[Black "Limp, Eduardo Thelio"]
[Result "1-0"]
[WhiteElo "2512"]
[BlackElo "2382"]
[PlyCount "107"]
[EventDate "2012.04.05"]
[EventType "swiss"]
[EventRounds "7"]
[EventCountry "BRA"]
[Source "lmi"]
[SourceDate "2012.08.05"]

1. d4 Nf6 2. c4 e6 3. Nf3 d5 4. Nc3 Nbd7 5. Bg5 c6 6. e3 Qa5 7. cxd5 Nxd5 8.
Qd2 Bb4 9. Rc1 O-O 10. e4 Nxc3 11. bxc3 Ba3 12. Rb1 e5 13. Bd3 Re8 14. O-O exd4
15. cxd4 Qxd2 16. Bxd2 Nf6 17. Ne5 b6 18. f3 Bb7 19. Bc4 Rf8 20. Rb3 Be7 21. a4
Rad8 22. Be3 Nd7 23. Nd3 a6 24. Rbb1 b5 25. Bb3 Bd6 26. Rfc1 Rfe8 27. Kf2 Rc8
28. h4 h6 29. g4 Kf8 30. Rc2 Bc7 31. Rbc1 Bb6 32. Nb4 Nb8 33. Nd3 Nd7 34. g5
hxg5 35. hxg5 g6 36. Rh1 Kg7 37. Bxf7 Rh8 38. Rxh8 Rxh8 39. Bb3 Rh2+ 40. Kg3
Rxc2 41. Bxc2 a5 42. f4 bxa4 43. Bxa4 Ba6 44. Nc5 Bxc5 45. dxc5 Nb8 46. Bd4+
Kh7 47. f5 Bb5 48. Bb3 Nd7 49. Bf7 Nf8 50. Kf4 a4 51. Ke5 Kg7 52. Be8 a3 53.
Kd6+ Kh7 54. Ke7 1-0

[Event "2. Torneio Aberto do Brasil - Fortaleza"]
[Site "Fortaleza BRA"]
[Date "2012.04.08"]
[Round "7.4"]
[White "El Debs, Felipe De Cresce"]
[Black "Cardoso, Almir Correia"]
[Result "1-0"]
[WhiteElo "2507"]
[BlackElo "2045"]
[PlyCount "75"]
[EventDate "2012.04.05"]
[EventType "swiss"]
[EventRounds "7"]
[EventCountry "BRA"]
[Source "lmi"]
[SourceDate "2012.08.05"]

1. Nf3 Nf6 2. c4 g6 3. Nc3 Bg7 4. e4 d6 5. d4 O-O 6. Be2 e5 7. Be3 Nc6 8. d5
Ne7 9. Nd2 Ne8 10. b4 f5 11. f3 f4 12. Bf2 g5 13. c5 Ng6 14. Nc4 Rf7 15. cxd6
cxd6 16. Nb5 b6 17. a4 Ba6 18. Nba3 Qf6 19. b5 Bc8 20. a5 bxa5 21. Nxa5 g4 22.
Nc6 Nh4 23. Bf1 Qg5 24. Nc4 gxf3 25. gxf3 Ng2+ 26. Bxg2 Qxg2 27. Ke2 Bg4 28.
Qd3 Bh5 29. h4 Qg6 30. Rhg1 Qf6 31. Nb6 Rd8 32. Nxd8 Qxd8 33. Nc4 Kf8 34. Na5
Nc7 35. Nc6 Qd7 36. Rxa7 Qh3 37. b6 Nb5 38. Ra8+ 1-0

[Event "2. Torneio Aberto do Brasil - Fortaleza"]
[Site "Fortaleza BRA"]
[Date "2012.04.08"]
[Round "7.5"]
[White "Barreto filho, Carlos Alberto"]
[Black "Macedo, Maximo Iack"]
[Result "1/2-1/2"]
[WhiteElo "2324"]
[BlackElo "2328"]
[PlyCount "127"]
[EventDate "2012.04.05"]
[EventType "swiss"]
[EventRounds "7"]
[EventCountry "BRA"]
[Source "lmi"]
[SourceDate "2012.08.05"]

1. c4 e6 2. d4 Nf6 3. Nf3 d5 4. e3 c5 5. Nc3 Nc6 6. a3 a6 7. dxc5 Bxc5 8. b4
Ba7 9. Bb2 O-O 10. cxd5 exd5 11. Be2 Re8 12. O-O Qd6 13. Re1 Bb8 14. g3 Bg4 15.
Na4 Ba7 16. Rc1 Ne4 17. Nd4 Bxe2 18. Nxe2 Nxf2 19. Kxf2 Rxe3 20. Nc5 Rae8 21.
Qd2 Qh6 22. Nf4 Qxh2+ 23. Ng2 Qxg3+ 24. Kg1 Rxe1+ 25. Rxe1 Rxe1+ 26. Qxe1 Qxe1+
27. Nxe1 a5 28. Kg2 axb4 29. axb4 Nxb4 30. Nxb7 f6 31. Kf3 Bb8 32. Ba3 Nc6 33.
Nd3 Nd4+ 34. Kf2 Ne6 35. Nb4 d4 36. Nc6 Bc7 37. Nc5 Bd6 38. Nxe6 Bxa3 39. Ncxd4
g6 40. Kf3 h5 41. Nf4 Kf7 42. Nd5 Bb2 43. Ne2 f5 44. Ndf4 Be5 45. Nd3 Bd6 46.
Ng1 g5 47. Ne2 h4 48. Nf2 Kg6 49. Nc3 Bg3 50. Nh1 g4+ 51. Kg2 Be1 52. Ne2 h3+
53. Kf1 Bh4 54. Nf4+ Kg5 55. Ne6+ Kf6 56. Nf4 Bg5 57. Nxh3 gxh3 58. Nf2 h2 59.
Kg2 Be3 60. Nh3 Bg1 61. Nf4 Kg5 62. Ne6+ Kg4 63. Kh1 Kf3 64. Ng7 1/2-1/2

[Event "2. Torneio Aberto do Brasil - Fortaleza"]
[Site "Fortaleza BRA"]
[Date "2012.04.08"]
[Round "7.6"]
[White "Borges, Wagner Da Silva"]
[Black "Dayer, Horacio Saldano"]
[Result "0-1"]
[WhiteElo "2185"]
[BlackElo "2440"]
[PlyCount "152"]
[EventDate "2012.04.05"]
[EventType "swiss"]
[EventRounds "7"]
[EventCountry "BRA"]
[Source "lmi"]
[SourceDate "2012.08.05"]

1. d4 Nf6 2. c4 g6 3. Nc3 Bg7 4. e4 d6 5. f3 O-O 6. Be3 a6 7. Qd2 c6 8. Bd3 b5
9. Nge2 Nbd7 10. g4 bxc4 11. Bxc4 d5 12. exd5 Nb6 13. Bb3 cxd5 14. Bh6 Nc4 15.
Bxc4 dxc4 16. Bxg7 Kxg7 17. O-O-O Bb7 18. d5 Qb6 19. g5 Nd7 20. h4 Rfd8 21. f4
Nf8 22. h5 Rab8 23. Na4 Qc7 24. Nac3 Qb6 25. Na4 Qd6 26. Nac3 Qb6 27. Na4 Qd6
28. Nac3 Qc5 29. Ne4 c3 30. N2xc3 Qb6 31. hxg6 fxg6 32. Rh2 Rbc8 33. Kb1 Rc4
34. Qe2 Rd4 35. Rxd4 Qxd4 36. Qd2 Rxd5 37. Nxd5 Qxe4+ 38. Kc1 Bxd5 39. b3 Be6
40. Re2 Qc6+ 41. Kb2 Kf7 42. Rh2 Bf5 43. Re2 Qc5 44. Re5 Qd6 45. Rd5 Qb6 46.
Re5 Ne6 47. a4 Qg1 48. Kc3 Qg3+ 49. Qe3 Qh2 50. Kb4 Qc2 51. Qc3 Qd1 52. Qc4
Qd2+ 53. Ka3 Qd6+ 54. Kb2 Qd2+ 55. Ka3 a5 56. Rd5 Qe1 57. b4 Qa1+ 58. Kb3 Qb1+
59. Ka3 axb4+ 60. Qxb4 Qc1+ 61. Qb2 Qxf4 62. a5 Be4 63. Re5 Qg3+ 64. Ka2 Qd3
65. Qb5 Qc2+ 66. Ka3 Qc3+ 67. Ka2 Bd3 68. Qb2 Bc4+ 69. Kb1 Qd3+ 70. Ka1 Nd4 71.
Qf2+ Ke8 72. Rxe7+ Kxe7 73. Qf6+ Kd7 74. Qg7+ Kc6 75. Qf6+ Ne6 76. Kb2 Qd4+ 0-1

[Event "2. Torneio Aberto do Brasil - Fortaleza"]
[Site "Fortaleza BRA"]
[Date "2012.04.08"]
[Round "7.7"]
[White "De Souza, Arthur Olintho"]
[Black "Barbosa, Evandro Amorim"]
[Result "0-1"]
[WhiteElo "2076"]
[BlackElo "2399"]
[PlyCount "68"]
[EventDate "2012.04.05"]
[EventType "swiss"]
[EventRounds "7"]
[EventCountry "BRA"]
[Source "lmi"]
[SourceDate "2012.08.05"]

1. e4 c5 2. Nc3 Nc6 3. Nge2 e6 4. g3 Nf6 5. Bg2 Be7 6. O-O a6 7. a4 O-O 8. d3
Rb8 9. h3 b5 10. Bf4 d6 11. axb5 axb5 12. g4 b4 13. Nb1 Bb7 14. Nd2 Ra8 15. Nc4
Rxa1 16. Qxa1 d5 17. Ne3 dxe4 18. dxe4 Nd4 19. Ng3 Nxe4 20. Rd1 Nxg3 21. fxg3
Bxg2 22. Kxg2 Qb6 23. c3 Qb7+ 24. Kg1 Nf3+ 25. Kf2 g5 26. Bd6 Bxd6 27. Rxd6
bxc3 28. bxc3 Ra8 29. Rd7 Qe4 30. Qb2 Ne5 31. Qd2 Qf3+ 32. Ke1 Nxd7 33. Nd1
Qxg3+ 34. Ke2 Qe5+ 0-1

[Event "2. Torneio Aberto do Brasil - Fortaleza"]
[Site "Fortaleza BRA"]
[Date "2012.04.08"]
[Round "7.8"]
[White "Perdomo, Leandro"]
[Black "Bouwman, Marcelo Wanderley"]
[Result "1-0"]
[WhiteElo "2372"]
[BlackElo "2222"]
[PlyCount "79"]
[EventDate "2012.04.05"]
[EventType "swiss"]
[EventRounds "7"]
[EventCountry "BRA"]
[Source "lmi"]
[SourceDate "2012.08.05"]

1. d4 Nf6 2. c4 c5 3. d5 b5 4. Nf3 g6 5. Qc2 d6 6. e4 Nbd7 7. cxb5 a6 8. Nc3
Bg7 9. Be2 O-O 10. O-O axb5 11. Bxb5 Ba6 12. Bd2 Qb6 13. a4 Rfb8 14. b3 Rb7 15.
Rfe1 Bxb5 16. Nxb5 Nb8 17. Bc3 Na6 18. Nd2 Nb4 19. Bxb4 cxb4 20. Rac1 Ng4 21.
Re2 Qa6 22. Nf3 Rxb5 23. axb5 Qxb5 24. h3 Ne5 25. Nd4 Qa6 26. Nc6 Nxc6 27. Qxc6
Qa3 28. Rec2 Bd4 29. Qxa8+ Qxa8 30. Rc8+ Qxc8 31. Rxc8+ Kg7 32. Kf1 f5 33. Rb8
Bc5 34. exf5 gxf5 35. f4 Kf7 36. g4 fxg4 37. hxg4 h6 38. Ke2 Kg6 39. Rb7 Kf6
40. Kd3 1-0

[Event "2. Torneio Aberto do Brasil - Fortaleza"]
[Site "Fortaleza BRA"]
[Date "2012.04.08"]
[Round "7.9"]
[White "Brito, Luismar"]
[Black "Umetsubo, Cesar Hidemitsu"]
[Result "1-0"]
[WhiteElo "2247"]
[BlackElo "2235"]
[PlyCount "55"]
[EventDate "2012.04.05"]
[EventType "swiss"]
[EventRounds "7"]
[EventCountry "BRA"]
[Source "lmi"]
[SourceDate "2012.08.05"]

1. Nc3 e5 2. Nf3 Nc6 3. d4 exd4 4. Nxd4 Nge7 5. e4 g6 6. Be3 Bg7 7. Bc4 a6 8.
Qd2 b5 9. Nxc6 Nxc6 10. Bb3 h6 11. O-O Ne5 12. f4 Ng4 13. Bd4 O-O 14. Bxg7 Kxg7
15. h3 Nf6 16. e5 Ng8 17. Rad1 Ne7 18. Ne4 a5 19. a3 h5 20. Qc3 Kh6 21. g4 b4
22. axb4 axb4 23. Qxb4 Ba6 24. Rf2 Rb8 25. Qc3 Ng8 26. e6 f6 27. Rxd7 f5 28.
Qg7# 1-0

[Event "2. Torneio Aberto do Brasil - Fortaleza"]
[Site "Fortaleza BRA"]
[Date "2012.04.08"]
[Round "7.10"]
[White "Dos Santos, Haroldo Cunha"]
[Black "Martins, Vinicius Tine"]
[Result "1/2-1/2"]
[WhiteElo "2233"]
[BlackElo "2329"]
[PlyCount "123"]
[EventDate "2012.04.05"]
[EventType "swiss"]
[EventRounds "7"]
[EventCountry "BRA"]
[Source "lmi"]
[SourceDate "2012.08.05"]

1. d4 g6 2. Nf3 Bg7 3. Bf4 f5 4. Nbd2 Nf6 5. e3 O-O 6. h3 d6 7. c3 Qe8 8. a4
Nbd7 9. Bh2 e5 10. dxe5 Nxe5 11. Nxe5 dxe5 12. Nc4 Nd7 13. Be2 Nb6 14. Nd2 a5
15. O-O Bd7 16. Qb3+ Kh8 17. Bb5 Bxb5 18. axb5 Qe7 19. c4 Rfd8 20. Rfd1 Qc5 21.
Qc2 a4 22. Rdc1 h6 23. Rab1 Qb4 24. Nf3 Qc5 25. Qc3 Re8 26. Rc2 Rad8 27. Nd2
Qe7 28. c5 Nd5 29. Qc4 g5 30. Qxa4 f4 31. Qe4 Nf6 32. Qxb7 Rd3 33. Nf1 Qd7 34.
b6 cxb6 35. Qxd7 Rxd7 36. c6 Rc7 37. b4 b5 38. exf4 exf4 39. g3 Re6 40. Rbc1
Nd5 41. gxf4 Nxb4 42. fxg5 Nxc2 43. Bxc7 Rxc6 44. gxh6 Bxh6 45. Be5+ Kh7 46.
Rb1 Rc5 47. Bb2 b4 48. Ng3 b3 49. Kf1 Rb5 50. Ne2 Bg7 51. Nc1 Bxb2 52. Rxb2 Nd4
53. f4 Rc5 54. Rb1 Rc3 55. Ne2 Nxe2 56. Kxe2 Rxh3 57. Kd2 Kg6 58. Rf1 Kf5 59.
Kc1 Rh4 60. Kb2 Rxf4 61. Rxf4+ Kxf4 62. Kxb3 1/2-1/2

[Event "2. Torneio Aberto do Brasil - Fortaleza"]
[Site "Fortaleza BRA"]
[Date "2012.04.08"]
[Round "7.11"]
[White "Fernandes Filho, Bergson Fragos"]
[Black "Pereira, Silvio Cunha"]
[Result "0-1"]
[WhiteElo "2147"]
[BlackElo "2298"]
[PlyCount "27"]
[EventDate "2012.04.05"]
[EventType "swiss"]
[EventRounds "7"]
[EventCountry "BRA"]
[Source "lmi"]
[SourceDate "2012.08.05"]

1. e4 e5 2. Nf3 Nc6 3. Bc4 Bc5 4. b4 Bxb4 5. c3 Ba5 6. d4 d6 7. dxe5 dxe5 8.
Bxf7+ Kxf7 9. Nxe5+ Ke8 10. Qh5+ g6 11. Nxg6 Nf6 12. Qh6 Rg8 13. Nf4 Ne5 14.
O-O 0-1

[Event "2. Torneio Aberto do Brasil - Fortaleza"]
[Site "Fortaleza BRA"]
[Date "2012.04.08"]
[Round "7.12"]
[White "Cavalcanti, Francisco De Assis"]
[Black "Luz, Edmundo Reis"]
[Result "1-0"]
[WhiteElo "2292"]
[BlackElo "2134"]
[PlyCount "91"]
[EventDate "2012.04.05"]
[EventType "swiss"]
[EventRounds "7"]
[EventCountry "BRA"]
[Source "lmi"]
[SourceDate "2012.08.05"]

1. Nf3 c5 2. b3 Nf6 3. Bb2 e6 4. c4 b6 5. g3 Bb7 6. Bg2 d5 7. cxd5 exd5 8. d4
Be7 9. O-O O-O 10. Nbd2 Nc6 11. Rc1 Ne4 12. dxc5 Nxd2 13. Qxd2 bxc5 14. Rfd1
Nb4 15. a3 Na6 16. Ne5 f6 17. Nd3 Qb6 18. Nf4 Nc7 19. Nxd5 Nxd5 20. Bxd5+ Bxd5
21. Qxd5+ Kh8 22. Qc4 Rab8 23. Rd3 Rfe8 24. Re3 Bf8 25. Rxe8 Rxe8 26. Rd1 Rb8
27. Rd3 Re8 28. e3 Qb7 29. a4 h6 30. Bc3 Rb8 31. Bd2 Qb6 32. e4 Rd8 33. Rxd8
Qxd8 34. Qd5 Qb6 35. Bf4 g5 36. Be3 Kg7 37. Bd2 Qd6 38. Qxd6 Bxd6 39. Kf1 Kf7
40. Ke2 Ke7 41. Kd3 Kd7 42. Kc4 Kc6 43. Bc3 Be7 44. g4 a6 45. h3 Bd8 46. e5 1-0

[Event "2. Torneio Aberto do Brasil - Fortaleza"]
[Site "Fortaleza BRA"]
[Date "2012.04.08"]
[Round "7.13"]
[White "Maia, Jose Eduardo Bastos"]
[Black "De Araujo, Felipe Fernandes Vi"]
[Result "0-1"]
[WhiteElo "2124"]
[BlackElo "2269"]
[PlyCount "72"]
[EventDate "2012.04.05"]
[EventType "swiss"]
[EventRounds "7"]
[EventCountry "BRA"]
[Source "lmi"]
[SourceDate "2012.08.05"]

1. d4 d5 2. Nf3 Nf6 3. c3 g6 4. Bf4 Bg7 5. Nbd2 O-O 6. e3 b6 7. Be2 Bb7 8. O-O
c5 9. Ne5 Nc6 10. Bf3 Nd7 11. Nxd7 Qxd7 12. dxc5 e5 13. Bg3 f5 14. h3 g5 15.
cxb6 e4 16. Nxe4 fxe4 17. Bxe4 Rad8 18. Bc2 axb6 19. Qh5 Bf6 20. Rfd1 Qe7 21.
Re1 Na5 22. Rab1 Nc4 23. Qe2 Nd6 24. f3 Bg7 25. Qd2 Bf6 26. Bb3 Nf7 27. Rbd1
Ne5 28. Qe2 Kh8 29. Bf2 Bg7 30. e4 dxe4 31. fxe4 Rxd1 32. Rxd1 Ng6 33. Qg4 Bc8
34. Qe2 Nf4 35. Qe3 Qf6 36. Qxb6 Ne2+ 0-1

[Event "2. Torneio Aberto do Brasil - Fortaleza"]
[Site "Fortaleza BRA"]
[Date "2012.04.08"]
[Round "7.15"]
[White "Asfora, Marco Antonio Hazin"]
[Black "Oliveira, Fernando Ventura"]
[Result "1-0"]
[WhiteElo "2221"]
[BlackElo "2113"]
[PlyCount "63"]
[EventDate "2012.04.05"]
[EventType "swiss"]
[EventRounds "7"]
[EventCountry "BRA"]
[Source "lmi"]
[SourceDate "2012.08.05"]

1. Nf3 d6 2. d4 f5 3. b3 Nf6 4. Bb2 g6 5. c4 Bg7 6. Nc3 O-O 7. Qc2 c6 8. Rd1
Qe8 9. d5 Bd7 10. g3 cxd5 11. cxd5 Na6 12. Bg2 Rc8 13. Nd4 Nc7 14. Qb1 Nb5 15.
Ncxb5 Bxb5 16. Ne6 Rf7 17. Nxg7 Kxg7 18. Bf3 a5 19. O-O Rf8 20. Rc1 Qd7 21. Rc3
Rxc3 22. Bxc3 b6 23. Bd4 Qb7 24. Rc1 Kf7 25. Bxf6 Kxf6 26. Qc2 Ba6 27. Qc3+ Kf7
28. Qd4 b5 29. Rc6 Rc8 30. g4 fxg4 31. Bxg4 Rxc6 32. Be6+ 1-0

[Event "2. Torneio Aberto do Brasil - Fortaleza"]
[Site "Fortaleza BRA"]
[Date "2012.04.08"]
[Round "7.17"]
[White "Fonseca, Luis Ernesto Serra "]
[Black "Mendonca, Mateus Nakajo"]
[Result "1/2-1/2"]
[WhiteElo "2078"]
[BlackElo "2216"]
[PlyCount "165"]
[EventDate "2012.04.05"]
[EventType "swiss"]
[EventRounds "7"]
[EventCountry "BRA"]
[Source "lmi"]
[SourceDate "2012.08.05"]

1. e4 e5 2. Nf3 Nf6 3. Nxe5 d6 4. Nf3 Nxe4 5. d3 Nf6 6. Bg5 Be7 7. Nc3 d5 8. d4
O-O 9. Be2 Bf5 10. O-O h6 11. Bf4 c6 12. Re1 Nbd7 13. Bf1 Re8 14. Ne2 Qb6 15.
Bc1 Ne4 16. Ng3 Nxg3 17. hxg3 Bd6 18. c3 c5 19. Rxe8+ Rxe8 20. Qb3 c4 21. Qxb6
axb6 22. Bf4 Bf8 23. Re1 Ra8 24. a3 f6 25. Be2 g5 26. Bc1 b5 27. Nd2 Re8 28.
Kf1 g4 29. f3 h5 30. Kf2 Kf7 31. Nf1 Be6 32. Ne3 f5 33. Bd1 Nf6 34. Bc2 Kg6 35.
Rh1 Bg7 36. Rh4 Rh8 37. fxg4 hxg4 38. Nxg4 Ne4+ 39. Bxe4 fxe4 40. Rxh8 Bxh8 41.
Nh2 Kh5 42. Bf4 Bf6 43. Nf1 Kg6 44. Ne3 Be7 45. Kg1 Bd8 46. Kh2 Be7 47. g4 Bh4
48. Kh3 Be7 49. Kg3 Bd8 50. Nd1 Be7 51. Nf2 Bd8 52. Nh3 Be7 53. Be3 Bd6+ 54.
Kh4 Be7+ 55. Bg5 Bd6 56. g3 Kg7 57. Nf4 Bf7 58. Kh3 Bc7 59. Kg2 Bd6 60. Kf2 Bc7
61. Ke3 Bb8 62. Nh5+ Bxh5 63. gxh5 Bxg3 64. Ke2 Kh7 65. Kf1 Bd6 66. Kg2 Bf8 67.
Kh3 Bh6 68. Bxh6 Kxh6 69. Kh4 Kg7 70. Kg3 Kf7 71. Kg4 Kg8 72. Kf4 Kg7 73. Kg3
Kh6 74. Kh4 e3 75. Kg3 Kxh5 76. Kf3 Kg5 77. Kxe3 Kg4 78. Ke2 Kf4 79. Kf2 Ke4
80. Ke2 b6 81. Ke1 Ke3 82. Kd1 Kd3 83. Kc1 1/2-1/2

[Event "2. Torneio Aberto do Brasil - Fortaleza"]
[Site "Fortaleza BRA"]
[Date "2012.04.08"]
[Round "7.18"]
[White "Guimaraes, Marcelo Cunha"]
[Black "Carvalho, Miguel Angelo Alvar"]
[Result "1/2-1/2"]
[WhiteElo "2216"]
[BlackElo "2065"]
[PlyCount "49"]
[EventDate "2012.04.05"]
[EventType "swiss"]
[EventRounds "7"]
[EventCountry "BRA"]
[Source "lmi"]
[SourceDate "2012.08.05"]

1. e4 c5 2. Nf3 d6 3. d4 cxd4 4. Nxd4 Nf6 5. Nc3 a6 6. Be3 e5 7. Nb3 Be7 8. f3
Be6 9. Qd2 O-O 10. O-O-O a5 11. Bb5 Na6 12. Qe2 Nc7 13. Nc5 Qb8 14. Nxe6 fxe6
15. Bb6 Nxb5 16. Qxb5 Qc8 17. Rd3 Ra6 18. Rhd1 Qc6 19. Qxc6 bxc6 20. Bc7 Ne8
21. Bxd6 Bxd6 22. Rxd6 Nxd6 23. Rxd6 Kf7 24. Rd7+ Kf6 25. Na4 1/2-1/2

[Event "2. Torneio Aberto do Brasil - Fortaleza"]
[Site "Fortaleza BRA"]
[Date "2012.04.08"]
[Round "7.19"]
[White "Santiago, Bruno M F"]
[Black "Rothebarth, Ana Vitoria De Pau"]
[Result "1-0"]
[WhiteElo "2167"]
[BlackElo "2030"]
[PlyCount "117"]
[EventDate "2012.04.05"]
[EventType "swiss"]
[EventRounds "7"]
[EventCountry "BRA"]
[Source "lmi"]
[SourceDate "2012.08.05"]

1. Nf3 Nf6 2. g3 b6 3. Bg2 Bb7 4. c4 e6 5. Nc3 Be7 6. O-O O-O 7. d4 Ne4 8. Qc2
Nxc3 9. Qxc3 c5 10. Be3 d6 11. Rfd1 Qc7 12. Rac1 Nd7 13. b3 Nf6 14. Rc2 Ne4 15.
Qb2 f5 16. Qc1 a5 17. a4 Rad8 18. Ng5 Nxg5 19. Bxg5 Bxg5 20. Qxg5 Bxg2 21. Kxg2
Qb7+ 22. f3 Rd7 23. Rcd2 Qc7 24. Qf4 Rfd8 25. d5 exd5 26. Rxd5 g6 27. Kf2 Kg7
28. h4 h5 29. R1d3 Kh7 30. Ke1 Kg7 31. Kd2 Kh7 32. g4 fxg4 33. fxg4 Rf7 34. Qg3
hxg4 35. Qxg4 Qd7 36. Qg3 Rf6 37. h5 Qg7 38. Qg4 Rdf8 39. Kc2 Rf4 40. Qxg6+
Qxg6 41. hxg6+ Kxg6 42. Rxd6+ R8f6 43. Rg3+ Kf7 44. Rxf6+ Rxf6 45. Rf3 Ke6 46.
Rxf6+ Kxf6 47. Kd3 Kf5 48. Ke3 Ke5 49. Kf3 Kd4 50. e4 Kc3 51. e5 Kxb3 52. e6
Kxa4 53. e7 Kb4 54. e8=Q Kxc4 55. Qa4+ Kc3 56. Ke3 c4 57. Qa3+ Kc2 58. Kd4 b5
59. Qa2+ 1-0

[Event "2. Torneio Aberto do Brasil - Fortaleza"]
[Site "Fortaleza BRA"]
[Date "2012.04.08"]
[Round "7.20"]
[White "Dos Santos, Tiago Augusto"]
[Black "Rodi, Luis Ernesto"]
[Result "1-0"]
[WhiteElo "2023"]
[BlackElo "2391"]
[PlyCount "63"]
[EventDate "2012.04.05"]
[EventType "swiss"]
[EventRounds "7"]
[EventCountry "BRA"]
[Source "lmi"]
[SourceDate "2012.08.05"]

1. e4 e6 2. d3 d5 3. Nd2 Nf6 4. Ngf3 c5 5. g3 Nc6 6. Bg2 Be7 7. O-O Qc7 8. Re1
b6 9. Nf1 d4 10. Bg5 Bb7 11. N1d2 Nd7 12. Nc4 b5 13. Na3 a6 14. Bf4 e5 15. Bd2
h6 16. h3 c4 17. dxc4 Bxa3 18. cxb5 axb5 19. bxa3 Rxa3 20. Nh4 h5 21. Rb1 Ba6
22. Nf3 Rxa2 23. Ra1 Ra4 24. Ng5 Nb6 25. Bf1 Qe7 26. Be2 g6 27. Qb1 Qc5 28. Qb3
O-O 29. Ne6 fxe6 30. Qxe6+ Kg7 31. Bxh5 Rf6 32. Bh6+ 1-0